Presidential Mandates Quiz Stats

 Plays Quiz not verified by Sporcle

Also try: In Memoriam: 2013
Challenge
Share
Tweet
Embed
Score 0/20 Timer 02:00
0 Plays Today
Percentage - Party President % Correct
100% - No Official Political PartyGeorge Washington
99.6%
100% - No Official Political PartyGeorge Washington
99.6%
88.9% - DemocraticFranklin D. Roosevelt
96.5%
98.5% - DemocraticFranklin D. Roosevelt
96.5%
84.6% - DemocraticFranklin D. Roosevelt
96.5%
81.4% - DemocraticFranklin D. Roosevelt
96.5%
90.9% - RepublicanRonald Reagan
95.5%
97.6% - RepublicanRonald Reagan
95.5%
92% - Democratic-RepublicanThomas Jefferson
93.4%
96.4% - RepublicanRichard M. Nixon
90.6%
Percentage - Party President % Correct
98.3% - Democratic-RepublicanJames Monroe
85.9%
83.9% - Democratic-RepublicanJames Monroe
85.9%
90.6% - RepublicanAbraham Lincoln
85.7%
90.3& - DemocraticLyndon B. Johnson
84.2%
83.2% - RepublicanDwight D. Eisenhower
78.5%
86.1% - RepublicanDwight D. Eisenhower
78.5%
81.9% - DemocraticWoodrow Wilson
72.1%
81.9% - RepublicanUlysses S. Grant
68.6%
83.6% - RepublicanHerbert Hoover
68.6%
85.8% - DemocraticFranklin Pierce
42.8%

You're not logged in!

Compare scores with friends on all Sporcle quizzes.
OR
Log In

You Might Also Like...

Show Comments

Extras

Top Quizzes Today


Score Distribution

Your Account Isn't Verified!

In order to create a playlist on Sporcle, you need to verify the email address you used during registration. Go to your Sporcle Settings to finish the process.

Report this User

Report this user for behavior that violates our Community Guidelines.

Details: